Normal view MARC view

Entry Personal Name

Number of records used in: 2

001 - CONTROL NUMBER

  • control field: 9339

003 - CONTROL NUMBER IDENTIFIER

  • control field: DLC

005 - DATE AND TIME OF LATEST TRANSACTION

  • control field: 20230822134927.0

008 - FIXED-LENGTH DATA ELEMENTS

  • fixed length control field: 070802n| acannaabn |n aaa c

010 ## - LIBRARY OF CONGRESS CONTROL NUMBER

  • LC control number: no2007096676

035 ## - SYSTEM CONTROL NUMBER

  • System control number: (OCoLC)oca07501198

040 ## - CATALOGING SOURCE

  • Original cataloging agency: KU
  • Language of cataloging: eng
  • Transcribing agency: KU

100 1# - HEADING--PERSONAL NAME

  • Personal name: Fernando, A. C.,
  • Dates associated with a name: 1940-

670 ## - SOURCE DATA FOUND

  • Source citation: Economic history, 1969:
  • Information found: t.p. (A.C. Fernando)

670 ## - SOURCE DATA FOUND

  • Source citation: OCLC, Aug. 22, 2007
  • Information found: (hdgs.: Fernando, A. C., 1940-; Fernando, A. C.; usage: A.C. Fernando)

Powered by Koha